000 01878nam a2200505 i 4500
001 28879
003 KOSZ 005
005 20210406091505.0
008 971010s1989 pl a f |001 0 pol
015 _aUWD 1989/4871
020 _a8320804671
035 _a991002673749705066
035 _a(PL-WaBN)b10730461-48omnis_nlop
035 _ab10730461
035 _a(OCoLC)834676129
035 _a(PL)b0000001073046
035 _a(EXLNZ-48OMNIS_NETWORK)9910113256005606
040 _aWA N
_cWA N
_dKOSZ 005/EG
_dKOSZ 005/RW
046 _k1989
080 _a658.566
080 _a(03)
245 0 0 _aEncyklopedia gospodarki materiałowej /
_ckomitet redakcyjny (przewodniczący) Tadeusz Wojciechowski ; [aut. Jan Antosik et al. ; w opracowaniu pod kierunkiem Zofii Surzyckiej-Mliczewskiej brały udział Ewa Kosińska, Anna Łasica].
260 _aWarszawa :
_bPaństwowe Wydawnictwo Ekonomiczne,
_c1989.
300 _a692, [4] strony :
_brysunki ;
_c22 cm.
336 _aTekst
_btxt
_2rdacontent
337 _aBez urządzenia pośredniczącego
_bn
_2rdamedia
338 _aWolumin
_bnc
_2rdacarrier
380 _aKsiążki
380 _aPublikacje informacyjne
388 1 _a1901-2000
388 1 _a1945-1989
504 _aIndeks.
650 7 _aGospodarka materiałowa
_2DBN
655 7 _aEncyklopedia
_2DBN
658 _aGospodarka, ekonomia, finanse
700 1 _aAntosik, Jan
_eAutor
700 1 _aKosińska, Ewa
_eOpracowanie
700 1 _aŁasica, Anna
_eOpracowanie
700 1 _aSurzycka-Mliczewska, Zofia
_eRedakcja
700 1 _aWojciechowski, Tadeusz
_d(1925- )
_eRedakcja
710 2 _aPaństwowe Wydawnictwo Ekonomiczne
_4pbl
856 _uhttp://koha.tu.koszalin.pl/cgi-bin/koha/opac-detail.pl?biblionumber=28879
_yKatalog online BPK
942 _2UKD
_cKS
999 _c28879
_d28879